Evangelical precepts of the Revelation: (Record no. 6199)

000 -LEADER
fixed length control field 00655nam a2200193 a 4500
001 - CONTROL NUMBER
control field :::00003942$&:&@@
003 - CONTROL NUMBER IDENTIFIER
control field OkBaRHE
005 - DATE AND TIME OF LATEST TRANSACTION
control field 20000607103315.0
008 - FIXED-LENGTH DATA ELEMENTS--GENERAL INFORMATION
fixed length control field s1971 j 000 0 eng u
040 ## - CATALOGING SOURCE
Transcribing agency
100 1# - MAIN ENTRY--PERSONAL NAME
Personal name Cox, Clyde C.
245 10 - TITLE STATEMENT
Title Evangelical precepts of the Revelation:
Remainder of title with a verse-by-verse interpretation.
250 ## - EDITION STATEMENT
Edition statement [1st ed.]
260 ## - PUBLICATION, DISTRIBUTION, ETC. (IMPRINT)
Place of publication, distribution, etc Cleveland, TN., :
Name of publisher, distributor, etc Pathway Press
Date of publication, distribution, etc c1971
300 ## - PHYSICAL DESCRIPTION
Extent 167 p. ;
Dimensions 22 cm.
650 ## - SUBJECT ADDED ENTRY--TOPICAL TERM
Topical term or geographic name as entry element Bible New Testament Revelation
General subdivision Criticism, Interpretation, etc.
942 ## - ADDED ENTRY ELEMENTS (KOHA)
Source of classification or shelving scheme
Koha item type Books
Copies
Koha item type Price effective from Shelving location Full call number Not for loan Source of classification or shelving scheme Damaged status Lost status Permanent Location Barcode Date acquired Date last seen Withdrawn status Copy number
Books2010-04-14General StacksBS 2825.2 .C68    RHEMA Bible Training College39422010-04-142018-04-03 1